000 00751nam a2200241Ia 4500
003 OSt
005 20220923221717.0
006 a|||||r|||| 00| 0
007 ta
008 220922b |||||||| |||| 00| 0 hin d
024 _a199,542
037 _cTextual
040 _aARTS
_cARTS
_bhin
041 _2hin
_ahin
082 _aQ2, 152M2
100 _aभुस्कुटे, गो0 कु0
_9160419
245 0 _aहिन्दु धर्म मानव धर्म
246 _aHindu dharma mānav dharma
260 _aदिल्ली
_b प्रभात प्रका0
_c1982
300 _a190पृ.
_ccm.
942 _hQ2, 152M2
_cTEXL
_2CC
999 _c351282
_d351282